Score 0/27 Timer 01:30
0 Plays Today
WORD TYPE % Correct
asas
100%
aa
100%
thethe
99.5%
speedspeed
99.5%
fastfast
99.1%
lettersletters
98.6%
zaffirszaffirs
98.2%
macaronimacaroni
98.2%
baaskaapsbaaskaaps
98.2%
quarteringquartering
98.2%
jackrabbitsjackrabbits
98.2%
bachelordomsbachelordoms
97.7%
hairsplittershairsplitters
97.7%
decaffeinationdecaffeination
97.3%
WORD TYPE % Correct
sculpturesquelysculpturesquely
95.9%
weatherboardingsweatherboardings
95%
zoogeographicallyzoogeographically
94.1%
vaingloriousnessesvaingloriousnesses
92.2%
paleoanthropologiespaleoanthropologies
88.1%
glomerulonephritidesglomerulonephritides
84.9%
undemonstrativenessesundemonstrativenesses
80.8%
overcommercializationsovercommercializations
76.7%
overintellectualizationoverintellectualization
73.5%
intercomprehensibilitiesintercomprehensibilities
68.5%
phosphatidylethanolaminesphosphatidylethanolamines
65.3%
ethylenediaminetetraacetateethylenediaminetetraacetate
58.4%
ethylenediaminetetraacetatesethylenediaminetetraacetates
52.5%
Remove Ads.
Support Sporcle.
Get the best of Sporcle when you Go Orange. This ad-free experience offers more features, more stats, and more fun while also helping to support Sporcle. Thank you for becoming a member.

You're not logged in!

Compare scores with friends on all Sporcle quizzes.
OR
Log In

Show Comments

Extras

Created Sep 25, 2013SourceReportNominate
Tags:Typing Quiz, fast, insane

Top Quizzes Today


Score Distribution

Your Account Isn't Verified!

In order to create a playlist on Sporcle, you need to verify the email address you used during registration. Go to your Sporcle Settings to finish the process.

Report this User

Report this user for behavior that violates our Community Guidelines.

Details: